| 000 | 00725nam a2200253Ia 4500 | ||
|---|---|---|---|
| 008 | 180523s9999 xx 000 0 und d | ||
| 020 | _a1-57675-256-9 | ||
| 050 | _a.T46 2004 | ||
| 050 | _bMAIN GN 450.8 | ||
| 100 | _aThomas, David C. | ||
| 245 | 0 | _aCultural intelligence : | |
| 245 | 0 | _bpeople skills for global business / | |
| 245 | 0 | _cDavid C. Thomas. | |
| 260 | _aCalifornia : | ||
| 260 | _bBerrett-Koehler, | ||
| 260 | _c2004 | ||
| 300 | _a222 pages : | ||
| 300 | _c22 cm. | ||
| 500 | _aIncludes bibliographical references and index. | ||
| 650 | _aBusiness anthropology. | ||
| 650 | _aCorporate culture. | ||
| 650 | _xIntercultural communication. | ||
| 650 | _xManagement -- Cross-cultural studies. | ||
| 999 |
_c356697 _d356697 |
||